| LEADER | 00665nam a2200157 4500 | ||
|---|---|---|---|
| 082 | |a 621.313 |b SM400L | ||
| 100 | |a Smoleixski, A.V.Ivanov | ||
| 245 | |a Máy điện |c A.V.Ivanov Smoleixski; Vũ Gia Hanh, Phan Tử Thụ dịch |n T.3. | ||
| 260 | |a H. |b Khoa học và kỹ thuật |c 1993 | ||
| 300 | |a 246 tr |c 21 cm | ||
| 520 | |a Trình bày máy 1 chiều và máy xoay chiều vành góp; quá trình quá độ trong máy điện. | ||
| 653 | |a Kỹ thuật | ||
| 653 | |a Máy điện | ||
| 942 | |2 ddc |c SH | ||
| 999 | |c 7477 |d 7477 | ||
| 952 | |0 0 |1 0 |2 ddc |4 0 |6 621_313000000000000_SM400L |7 0 |8 600 |9 67839 |a qbu |b qbu |c D3 |d 2015-02-10 |g 12500 |o 621.313 SM400L |p 7142.c1 |r 0000-00-00 |w 2015-02-10 |y SH | ||